This, But Not That VII Quiz Stats

Quiz Updated Oct 27, 2017

Challenge
Share
Tweet
Embed
Score 0/18 Timer 05:00
10 Plays Today
% Correct
Members of The Beatles
94.1%
Italian Cities
90.6%
Types of Oranges
89%
U.S. Presidents' First Names
87.6%
Twelve Disciples of Jesus
85.2%
Northern Summer Months
85%
Personal Pronouns
85%
Roman Numerals
81.3%
James Bond MI6 Characters
80.1%
% Correct
Playable Mario Kart Characters
79.9%
Languages
77.7%
Characters in The Iliad
66.1%
NATO Phonetic Alphabet Letters
63.2%
Auxiliary Verbs
61.3%
U2 Albums
55.1%
Russian Emperors
51.7%
Dutch Soccer Teams
50.6%
HBO Shows
49.9%

You're not logged in!

Compare scores with friends on all Sporcle quizzes.
Sign Up with Email
OR
Log In

You Might Also Like...

Show Comments

Extras

Top Quizzes Today


Score Distribution

Your Account Isn't Verified!

In order to create a playlist on Sporcle, you need to verify the email address you used during registration. Go to your Sporcle Settings to finish the process.